000 00492nam a22001937a 4500
003 CEME
005 20210628203031.0
008 210216b xxu||||| |||| 00| 0 eng d
020 _a0-340-80656-7
040 _c.
082 _a378.155 GRE
100 _aGreenfield, Tony
_962965
245 _aResearch methods for postgraduates
250 _a2ND
260 _aNEW YORK
_bARNOLD
_c2002
300 _aXII,370P
650 _aRESEARCH TECHNIQUES FOR POSTGRADUATES
_962966
942 _cBK
_2ddc
999 _c571910
_d571910